Królowie Polski - Statystyki

Ogólne statystyki
  • Ten quiz został rozwiązany 40 razy
    22 od ostatniego zresetowania
  • Średni wynik to 10 z 19
Statystyki odpowiedzi
Dynastia Lata Panowania Król % Poprawnych
Andegawenowie 1382 - 1399 Jadwiga Andegaweńska
85%
Jagiellonowie 1385 - 1434 Władysław Jagiełło
85%
Władcy elekcyjni 1573 - 1575 Henryk Walezy
70%
Władcy elekcyjni 1764 - 1795 Stanisław August Poniatowski
70%
Władcy elekcyjni 1576 - 1586 Stefan Batory
65%
Jagiellonowie 1548 - 1572 Zygmunt August
65%
Jagiellonowie 1506 - 1548 Zygmunt Stary
65%
Władcy elekcyjni 1586 - 1632 Zygmunt III Waza
55%
Władcy elekcyjni 1733 - 1763 August III Wettin Sas
50%
Władcy elekcyjni 1674 - 1696 Jan III Sobieski
50%
Jagiellonowie 1492 - 1501 Jan Olbracht
50%
Jagiellonowie 1447 - 1492 Kazimierz Jagiellończyk
50%
Władcy elekcyjni 1632 - 1648 Władysław IV Waza
50%
Jagiellonowie 1501 - 1506 Aleksander
45%
Andegawenowie 1370 - 1382 Ludwik Andegaweński
45%
Władcy elekcyjni 1669 - 1673 Michał Korybut Wiśniowiecki
45%
Jagiellonowie 1434 - 1444 Władysław Jagiellończyk
40%
Władcy elekcyjni 1648 - 1668 Jan Kazimierz Waza
30%
Władcy elekcyjni 1697 - 1733 August II Wettin
10%
Nie znaleziono quizów pasujących do podanych kryteriów
Rozkład punktacji
Procent ludzi z każdym wynikiem
Percentyl według liczby udzielonych odpowiedzi
Twoja historia wyników
Nie rozwiązałeś tego quizu od ostatniego zresetowania